Everyman's dictionary of economics

Gorde:
Xehetasun bibliografikoak
Egile nagusia: Seldon, Arthur
Formatua: Liburua
Hizkuntza:Undetermined
Argitaratua: London J.M.Dent & Sons 1965
Gaiak:
Etiketak: Etiketa erantsi
Etiketarik gabe, Izan zaitez lehena erregistro honi etiketa jartzen!
Thư viện lưu trữ: Trung tâm Học liệu Trường Đại học Cần Thơ
LEADER 00497nam a2200193Ia 4500
001 CTU_87766
008 210402s9999 xx 000 0 und d
082 |a 330.03 
082 |b S464 
100 |a Seldon, Arthur 
245 0 |a Everyman's dictionary of economics 
245 0 |c Arthur Seldon 
260 |a London 
260 |b J.M.Dent & Sons 
260 |c 1965 
650 |a Economics 
650 |z Dictionaries 
904 |i Tuyến 
980 |a Trung tâm Học liệu Trường Đại học Cần Thơ